La inamovilidad de los mandatarios en el derecho laboral chileno

Salvato in:
Dettagli Bibliografici
Autore principale: Morgado Valenzuela, Emilio (autor)
Natura: Libro
Lingua:spagnolo
Pubblicazione: Santiago Jurídica de Chile 1961
Serie:Seminario de Derecho Privado, 6
Soggetti:
Tags: Aggiungi Tag
Nessun Tag, puoi essere il primo ad aggiungerne!!

MARC

LEADER 00000nam a2200000 a 4500
001 UCS2733
003 CL-VaPUC
008 970604e19610000CL |||||||||||||||||spa|d
082 0 4 |a 344.01  |b MOR  |2 21 
100 |a Morgado Valenzuela, Emilio  |e autor  |9 388501 
245 1 3 |a La inamovilidad de los mandatarios en el derecho laboral chileno 
300 |a 130 p 
942 |c BK 
945 |d 19970604 00:00:00  |a lriquelm 
260 |a Santiago  |b Jurídica de Chile  |c 1961 
650 7 |a DERECHO LABORAL  |2 CL-VaPUC  |9 15 
650 0 |a Código del trabajo  |9 255479 
583 |a last modification  |c 20170712 04:45:19  |k Rodrigo Vera 
490 0 |a Seminario de Derecho Privado, 6 
999 |c 260671  |d 260669 
952 |0 0  |1 0  |4 0  |6 344_010000000000000_MOR_1961  |7 0  |8 A  |9 286948  |a BIBDER  |b BIBDER  |d 2019-11-19  |i 1863592  |o 344.01 MOR 1961  |p 1863592  |r 2023-01-25  |w 2019-11-19  |y BK  |k DER 
952 |0 0  |1 0  |2 ddc  |4 0  |6 344_010000000000000_MOR_1961  |7 1  |8 C_LRYV  |9 286949  |a BIBDER  |b BIBDER  |d 2019-11-19  |i 1863606  |o 344.01 MOR 1961  |p 1863606  |r 2023-01-25  |w 2019-11-19  |y BK_X  |k BRV